Lady Diana : (Record no. 169526)

MARC details
000 -LEADER
fixed length control field 00523nam a22001817a 4500
005 - DATE AND TIME OF LATEST TRANSACTION
control field 20191122125008.0
010 ## - LCCN (DPL NO)
LC control number ENG-126983
020 ## - INTERNATIONAL STANDARD BOOK NUMBER
International Standard Book Number 9781521556399
Terms of availability 225.00
035 ## - SYSTEM CONTROL NUMBER
System control number EN-110515
037 ## - SOURCE OF ACQUISITION
Source of stock number/acquisition DBAD/PUB
082 ## - DEWEY DECIMAL CLASSIFICATION NUMBER
Classification number 882
100 ## - MAIN ENTRY--PERSONAL NAME
Personal name Sonawane, Ramnath
245 ## - TITLE STATEMENT
Title Lady Diana :
Statement of responsibility, etc by Ramnath Sonawane
Remainder of title the queen of hearts (a 03 act play) /
260 ## - PUBLICATION, DISTRIBUTION, ETC. (IMPRINT)
Place of publication, distribution, etc Nagpur
Name of publisher, distributor, etc Dattsons
Date of publication, distribution, etc 2019
270 ## - ADDRESS
Address J.Nehru Marg, Sadar
City Nagpur
Postal code 440001
300 ## - PHYSICAL DESCRIPTION
Extent 58p.
Dimensions 20cm(pbk)
942 ## - ADDED ENTRY ELEMENTS (KOHA)
Source of classification or shelving scheme Dewey Decimal Classification
Item type English Books
Classification part 882
Call number suffix SON
Holdings
Withdrawn status Lost status Not for loan Collection code Home library Current library Date acquired Source of acquisition Cost, normal purchase price Full call number Barcode Copy number Cost, replacement price Koha item type
      Non-fiction Central Library Central Library 22/11/2019 DBAD/PUB 225.00 882 SON EN-110515 1 225.00 English Books

© Delhi Public Library
Hit Counter
free hit counter